| 000 | 01432nam a2200409 c 4500 | ||
|---|---|---|---|
| 999 |
_c167797 _d167797 |
||
| 003 | BLK | ||
| 005 | 20250122142728.0 | ||
| 008 | 180411b bul|||||r ||||||| ||bul|| | ||
| 010 | _aKNG00175639000 | ||
| 040 | _aBLK | ||
| 041 |
_aBUL _cBUL |
||
| 072 | 7 |
_2bullib _aК _xКраезнание |
|
| 080 |
_aТеатър. Сценично изкуство. Вж 725.82; 782; 82-2 _b792 _x(497.215) _z792(497.215) |
||
| 100 | 1 |
_aРусев, Иван Драгнев _eпърви автор _9337639 |
|
| 139 |
_aРусев, Иван Драгнев _bР 94 |
||
| 245 | 1 | 0 |
_aТеатъра в Русе 1898 - 1926 _bУсловия, дейност, състав, репертоар _cИван Драгнев Русев. |
| 257 | _aBGR | ||
| 260 |
_c1926 _fРусе : Леви, Петров С-ие |
||
| 300 |
_a32 с. _bс ил. _c23 см |
||
| 380 | _a7 | ||
| 650 | 4 |
_aТеатър - България - история _9260534 |
|
| 650 | 4 |
_aТеатри - Русе _9245154 |
|
| 651 | 4 |
_aБългария _9241624 |
|
| 651 | 4 |
_aРусе _9179462 |
|
| 653 | _aтеатър | ||
| 653 | _aистория | ||
| 653 | _aРусе | ||
| 659 | _aК | ||
| 852 | _aЦб 7.225.15117 | ||
| 852 | _aК 792/Р 94 И | ||
| 856 | 4 | _qpdf | |
| 856 | 4 | _qpdf | |
| 942 |
_cKNG _n0 _s1 _01 |
||
| 944 |
_aCR _c21.05.2015 _k30558 _lВаля Йорданова |
||
| 944 |
_aED _c10.08.2015 _kВаля_Йорданова |
||
| 999 | _d167797 | ||